It looks like you're offline.
Open Library logo
additional options menu

MARC Record from Library of Congress

Record ID marc_loc_2016/BooksAll.2016.part20.utf8:62277488:647
Source Library of Congress
Download Link /show-records/marc_loc_2016/BooksAll.2016.part20.utf8:62277488:647?format=raw

LEADER: 00647cam a2200217 a 4500
001 90044664
003 DLC
005 20141104075447.0
008 900724s1991 nyu 000 1 eng
010 $a 90044664
020 $a0394582497 :$c$22.00 ($29.00 Can.)
040 $aDLC$cDLC$dDLC
050 00 $aPS3572.E76$bP4 1991
082 00 $a813/.54$220
100 1 $aVernon, John,$d1943-
245 10 $aPeter Doyle :$ba novel /$cJohn Vernon.
250 $a1st ed.
260 $aNew York :$bRandom House,$cc1991.
300 $a417 p. ;$c25 cm.
600 00 $aNapoleon$bI,$cEmperor of the French,$d1769-1821$xRelics$xFiction.
655 7 $aHistorical fiction.$2gsafd